Introduction to mathematical logic

Сохранить в:
Библиографические подробности
Главный автор: Church, Alonzo (Автор)
Формат:
Язык:английский
Опубликовано: Princeton Princeton University 1956
Серии:Princeton Mathematical Series
Предметы:
Метки: Добавить метку
Нет меток, Требуется 1-ая метка записи!

MARC

LEADER 00000nam a2200000 a 4500
001 UCQ8730
003 CL-VaPUC
005 20240819115756.0
008 981217e19560000us |||||||||||||||||eng|d
999 |c 277911  |d 277909 
040 |c Pontificia Universidad Católica de Valparaíso 
082 0 4 |a 511.3  |b CHU  |2 21 
100 0 |a Church, Alonzo  |e author  |9 422869 
245 1 0 |a Introduction to mathematical logic 
260 |a Princeton  |b Princeton University  |c 1956 
300 |a v 
490 0 |a Princeton Mathematical Series 
583 |a last modification  |c 20171205 02:38:12  |k Rodrigo Vera 
650 0 |a Lógica matemática   |v Problemas, ejercicios, etc  |9 262442 
942 |c BK  |2 ddc 
945 |d 19981217 00:00:00  |a cmena